[Event "Leca da Palmeira 2nd"]
[Site "Leca da Palmeira"]
[Date "2023.08.01"]
[Round "2"]
[White "Arpita, Mukherjee"]
[Black "Marinho, Antonio Pedro"]
[Result "1-0"]
[WhiteElo "2079"]
[BlackElo "1619"]
[PlyCount "49"]
[EventDate "2023.07.31"]
[EventType "swiss"]
[EventRounds "9"]
[EventCountry "POR"]
[SourceTitle "CBM 215 Extra"]
[Source "ChessBase"]
[SourceDate "2023.09.30"]
[SourceVersion "1"]
[SourceVersionDate "2023.09.30"]
[SourceQuality "1"]

1. d4 Nf6 2. Bf4 e6 3. e3 b6 4. Nd2 Bb7 5. Ngf3 d6 6. h3 Nbd7 7. Bd3 Qe7 8. e4 e5 9. Bg5 exd4 10. Nxd4 d5 11. 0-0 h6 12. Nf5 Qd8 13. Bh4 g5 14. Re1 d4 15. e5 Nd5 16. Bg3 Nc5 17. e6 Nxd3 18. exf7+ Kxf7 19. Qh5+ Kf6 20. cxd3 Ne3 21. fxe3 dxe3 22. Nxe3 Kg7 23. Nf5+ Kf6 24. Be5+ Kxf5 25. Qf7+ 1-0

[Event "Famalicao op 6th"]
[Site "Famalicao"]
[Date "2018.08.02"]
[Round "7"]
[White "Marinho, Antonio Pedro"]
[Black "Silva, Mariana Sofia Teixe"]
[Result "0-1"]
[WhiteElo "1619"]
[BlackElo "1936"]
[PlyCount "54"]
[EventDate "2018.07.29"]
[EventType "swiss"]
[EventRounds "9"]
[EventCountry "POR"]
[SourceTitle "CBM 185 Extra"]
[Source "ChessBase"]
[SourceDate "2018.07.29"]
[SourceVersion "1"]
[SourceVersionDate "2018.07.29"]
[SourceQuality "1"]

1. e4 c5 2. Nc3 Nc6 3. g3 g6 4. Bg2 Bg7 5. d3 d6 6. Be3 e6 7. Qd2 b6 8. Nge2 Bb7 9. 0-0 Nge7 10. Bh6 0-0 11. Bxg7 Kxg7 12. f4 d5 13. e5 h5 14. h3 Rh8 15. Nb5 Nc8 16. Qe1 a6 17. Nbc3 b5 18. Qf2 Qe7 19. Bxd5 exd5 20. Nxd5 Qd7 21. Qxc5 N8e7 22. Nxe7 Nxe7 23. Kh2 Rac8 24. Qe3 Rxc2 25. Rf2 Nf5 26. Qb6 Qc6 27. Qa7 Ra8 0-1

[Event "POR-ch Amateur U1600"]
[Site "Vila Nova de Gaia"]
[Date "2017.09.23"]
[Round "5"]
[White "Castro, Joao Pedro Bastos"]
[Black "Marinho, Antonio Pedro"]
[Result "1-0"]
[WhiteElo "1478"]
[BlackElo "1590"]
[PlyCount "41"]
[EventDate "2017.09.20"]
[EventType "swiss"]
[EventRounds "5"]
[EventCountry "POR"]
[SourceTitle "EXT 2019"]
[Source "ChessBase"]
[SourceDate "2018.10.10"]
[SourceVersion "1"]
[SourceVersionDate "2018.10.10"]
[SourceQuality "1"]

1. e3 e5 2. d4 exd4 3. exd4 d5 4. Nf3 Nf6 5. Bg5 Be7 6. Nc3 Ne4 7. Bxe7 Qxe7 8. Nxd5 Qe6 9. Nxc7+ Kf8 10. Nxe6+ Bxe6 11. Bd3 Nf6 12. c3 g6 13. 0-0 Kg7 14. Ng5 Bc8 15. Qf3 h6 16. Ne4 Nh5 17. g4 f5 18. gxh5 fxe4 19. Qxe4 Bf5 20. Qe7+ Kg8 21. hxg6 1-0

[Event "POR-ch Amateur U1600"]
[Site "Vila Nova de Gaia"]
[Date "2017.09.22"]
[Round "2"]
[White "Marinho, Antonio Pedro"]
[Black "Pedroso, Manuel"]
[Result "1/2-1/2"]
[WhiteElo "1590"]
[BlackElo "1286"]
[PlyCount "137"]
[EventDate "2017.09.20"]
[EventType "swiss"]
[EventRounds "5"]
[EventCountry "POR"]
[SourceTitle "EXT 2019"]
[Source "ChessBase"]
[SourceDate "2018.10.10"]
[SourceVersion "1"]
[SourceVersionDate "2018.10.10"]
[SourceQuality "1"]

1. Nf3 d5 2. d4 Nf6 3. Bf4 e6 4. h3 Bd6 5. Bxd6 Qxd6 6. e3 0-0 7. c4 c5 8. Nc3 Nc6 9. dxc5 Qxc5 10. cxd5 Nxd5 11. Nxd5 Qxd5 12. Qxd5 exd5 13. 0-0-0 Be6 14. Bb5 Rac8 15. Kb1 Bf5+ 16. Bd3 Be4 17. Bxe4 dxe4 18. Nd4 Ne5 19. Nb5 Nd3 20. Rd2 Rfd8 21. Rhd1 f5 22. Nd4 g6 23. Ne6 Rd7 24. Nf4 Rcd8 25. Nxd3 exd3 26. b3 Kf7 27. Kb2 Ke6 28. f3 Ke5 29. Rf2 d2 30. Re2 Rd6 31. g3 R6d7 32. h4 h5 33. e4 f4 34. Rg2 fxg3 35. Rxg3 Rd6 36. Rg5+ Kf4 37. e5 Re6 38. Kc2 Rc6+ 39. Kb2 Ke3 40. Rg2 Re6 41. f4 Kxf4 42. Rdxd2 Rxd2+ 43. Rxd2 Rxe5 44. Rd7 Re2+ 45. Ka3 Rh2 46. Rxb7 Rxh4 47. Rxa7 Rh3 48. Ka4 Rh2 49. a3 h4 50. b4 h3 51. Rf7+ Ke5 52. Re7+ Kd6 53. Rg7 Rg2 54. b5 h2 55. Rh7 Rb2 56. Rh6 Kc5 57. b6 Kxb6 58. Rxg6+ Kc5 59. Rh6 Ra2 60. Kb3 Rg2 61. Rh5+ Kb6 62. Rh6+ Ka5 63. Rh5+ Kb6 64. a4 Ka6 65. a5 Rf2 66. Kb4 Rb2+ 67. Kc3 Rg2 68. Kd3 Ra2 69. Ke4 1/2-1/2

[Event "Gaia Profigaia op 17th"]
[Site "Vila Nova de Gaia"]
[Date "2017.06.15"]
[Round "3"]
[White "Silva, Ana Ines Teixeira D"]
[Black "Marinho, Antonio Pedro"]
[Result "1-0"]
[WhiteElo "1775"]
[BlackElo "1574"]
[PlyCount "73"]
[EventDate "2017.06.14"]
[EventType "swiss"]
[EventRounds "7"]
[EventCountry "POR"]
[SourceTitle "CBM 179 Extra"]
[Source "ChessBase"]
[SourceDate "2017.08.23"]
[SourceVersion "1"]
[SourceVersionDate "2017.08.23"]
[SourceQuality "1"]

1. e4 c6 2. d4 d5 3. exd5 cxd5 4. Bd3 Nf6 5. c3 a6 6. h3 b5 7. Nf3 Nbd7 8. Bf4 e6 9. 0-0 Be7 10. Nbd2 Bb7 11. Re1 0-0 12. Ne5 Nxe5 13. dxe5 Nd7 14. Qg4 Re8 15. Bh6 Bf8 16. Bg5 Be7 17. Nf3 Bxg5 18. Bxh7+ Kh8 19. Nxg5 Qe7 20. Qh5 Qxg5 21. Qxg5 Kxh7 22. Rad1 g6 23. Rd4 Kg7 24. Rh4 Rh8 25. Re3 Rxh4 26. Qxh4 Re8 27. Qg5 Kf8 28. Qf4 Kg7 29. Rf3 Rf8 30. h4 Bc6 31. h5 d4 32. Rh3 dxc3 33. hxg6 fxg6 34. Qh6+ Kf7 35. Rxc3 Be4 36. Qh7+ Ke8 37. Rc8# 1-0

[Event "Gaia Profigaia op 8th"]
[Site "Vila Nova de Gaia"]
[Date "2015.07.01"]
[Round "7"]
[White "Marinho, Antonio Pedro"]
[Black "Veiga, Jose Francisco RP"]
[Result "0-1"]
[WhiteElo "1546"]
[BlackElo "1817"]
[PlyCount "114"]
[EventDate "2015.06.27"]
[EventType "swiss"]
[EventRounds "9"]
[EventCountry "POR"]
[SourceTitle "EXT 2018"]
[Source "ChessBase"]
[SourceDate "2017.10.13"]
[SourceVersion "1"]
[SourceVersionDate "2017.10.13"]
[SourceQuality "1"]

1. e4 c5 2. Nc3 Nc6 3. f4 g6 4. Nf3 Bg7 5. Bc4 e6 6. 0-0 Nge7 7. Qe1 0-0 8. d3 d5 9. Bb3 d4 10. Ne2 Na5 11. Bd2 Nxb3 12. axb3 Nc6 13. Ng3 a5 14. e5 b6 15. Ne4 f6 16. exf6 Bxf6 17. Nxf6+ Qxf6 18. Qe4 Bb7 19. Qe2 Rfe8 20. Rae1 Nd8 21. Ne5 Ra6 22. Ra1 Nf7 23. Nc4 Rea8 24. Rfe1 Bd5 25. h3 Nd8 26. Ne5 a4 27. bxa4 b5 28. b3 bxa4 29. bxa4 Rxa4 30. Rxa4 Rxa4 31. Nd7 Qf5 32. Nxc5 Ra2 33. Rc1 Bxg2 34. Nxe6 Nxe6 35. Qxg2 Nxf4 36. Bxf4 Qxf4 37. Rf1 Qe3+ 38. Kh1 Ra5 39. Qg4 Rc5 40. Qd7 Rf5 41. Rxf5 Qxh3+ 42. Kg1 Qg4+ 43. Kh1 gxf5 44. Qe8+ Kg7 45. Qe7+ Kh6 46. Qf8+ Kg5 47. Qg7+ Kh4 48. Qxh7+ Qh5 49. Qg7 Qd1+ 50. Kh2 Qxc2+ 51. Kg1 Qd1+ 52. Kf2 Qd2+ 53. Kf3 Qxd3+ 54. Kf2 Qe3+ 55. Kf1 Qf3+ 56. Ke1 Qg3+ 57. Qxg3+ Kxg3 0-1

[Event "POR-ch U20"]
[Site "Luso"]
[Date "2014.07.25"]
[Round "4"]
[White "Oliveira, Joao Andre CD"]
[Black "Marinho, Antonio Pedro"]
[Result "0-1"]
[WhiteElo "1581"]
[BlackElo "1508"]
[PlyCount "90"]
[EventDate "2014.07.23"]
[EventType "swiss"]
[EventRounds "7"]
[EventCountry "POR"]
[SourceTitle "EXT 2015"]
[Source "ChessBase"]
[SourceDate "2014.11.20"]
[SourceVersion "1"]
[SourceVersionDate "2014.11.20"]
[SourceQuality "1"]

1. f4 c5 2. e3 d6 3. Nf3 g6 4. Nc3 Bg7 5. Bb5+ Bd7 6. Bxd7+ Nxd7 7. 0-0 Ngf6 8. e4 0-0 9. d3 a6 10. f5 b5 11. fxg6 fxg6 12. Ng5 Qb6 13. Ne6 Rf7 14. Nxg7 Kxg7 15. Be3 Ne5 16. h3 Raf8 17. Qd2 Ng8 18. b4 Rxf1+ 19. Rxf1 Rxf1+ 20. Kxf1 Nf6 21. bxc5 dxc5 22. Bh6+ Kg8 23. Qf4 Nf7 24. e5 Nh5 25. Qe3 Nxh6 26. Qxh6 Ng3+ 27. Kf2 Nf5 28. Qf4 c4+ 29. Ke2 cxd3+ 30. cxd3 Qc5 31. Kd2 b4 32. Ne2 Qd5 33. Qc4 Qxc4 34. dxc4 Kf7 35. c5 Ke6 36. g4 Ng7 37. c6 Ne8 38. Kd3 Kxe5 39. Kc4 Kd6 40. Nd4 e5 41. Nf3 Nc7 42. Kxb4 e4 43. Nd4 Kd5 44. Kc3 Kc5 45. h4 Nd5+ 0-1

[Event "Gaia Profigaia op 7th"]
[Site "Vila Nova de Gaia"]
[Date "2014.07.04"]
[Round "9"]
[White "Marinho, Antonio Pedro"]
[Black "Silva, Beatriz Sofia"]
[Result "1-0"]
[WhiteElo "1508"]
[BlackElo "1152"]
[PlyCount "57"]
[EventDate "2014.06.28"]
[EventType "swiss"]
[EventRounds "9"]
[EventCountry "POR"]
[SourceTitle "CBM 161 Extra"]
[Source "ChessBase"]
[SourceDate "2014.08.29"]
[SourceVersion "1"]
[SourceVersionDate "2014.08.29"]
[SourceQuality "1"]

1. e4 e5 2. Nf3 Nc6 3. Bc4 Bc5 4. 0-0 Nf6 5. d4 exd4 6. e5 Ng8 7. Ng5 Nxe5 8. Re1 Nh6 9. Rxe5+ Be7 10. Ne4 0-0 11. Bxh6 gxh6 12. Qh5 d6 13. Rd5 Be6 14. Rxd4 Bf6 15. Nxf6+ Qxf6 16. Qh4 Qe5 17. Nc3 Kh8 18. Re4 Qf5 19. Bxe6 fxe6 20. Rae1 Rae8 21. Ne2 Rg8 22. Ng3 Qf7 23. Qxh6 e5 24. f4 exf4 25. Rxe8 Rxe8 26. Rxe8+ Qxe8 27. Qxf4 Qe7 28. Nh5 a6 29. Qf6+ 1-0

[Event "Gaia Profigaia op 7th"]
[Site "Vila Nova de Gaia"]
[Date "2014.06.30"]
[Round "5"]
[White "Marinho, Antonio Pedro"]
[Black "Pinto, Diogo Costa"]
[Result "1-0"]
[WhiteElo "1508"]
[BlackElo "1309"]
[PlyCount "45"]
[EventDate "2014.06.28"]
[EventType "swiss"]
[EventRounds "9"]
[EventCountry "POR"]
[SourceTitle "CBM 161 Extra"]
[Source "ChessBase"]
[SourceDate "2014.08.29"]
[SourceVersion "1"]
[SourceVersionDate "2014.08.29"]
[SourceQuality "1"]

1. e4 c5 2. Nc3 g6 3. f4 Bg7 4. Nf3 Nc6 5. Bc4 d6 6. 0-0 Nf6 7. Qe1 Nd7 8. Ng5 0-0 9. d3 Nd4 10. Qf2 Nb6 11. Qh4 h6 12. Bxf7+ Rxf7 13. Nxf7 Kxf7 14. f5 g5 15. Qh5+ Kg8 16. h4 gxh4 17. Bxh6 Qf8 18. Bxg7 Qxg7 19. Rf4 Qh7 20. Qe8+ Kg7 21. Qxe7+ Kh8 22. Qf8+ Qg8 23. Rxh4# 1-0

[Event "POR-ch U18"]
[Site "Braga"]
[Date "2013.08.07"]
[Round "7.5"]
[White "Marinho, Antonio Pedro"]
[Black "Medeiros, Atila Fernandes De"]
[Result "0-1"]
[WhiteElo "1469"]
[BlackElo "1526"]
[PlyCount "42"]
[EventDate "2013.08.02"]
[EventType "swiss"]
[EventRounds "7"]
[EventCountry "POR"]
[SourceTitle "EXT 2015"]
[Source "ChessBase"]
[SourceDate "2014.11.20"]
[SourceVersion "1"]
[SourceVersionDate "2014.11.20"]
[SourceQuality "1"]

1. e4 c5 2. Nc3 d6 3. f4 Nc6 4. Nf3 e6 5. Bc4 Nf6 6. 0-0 a6 7. a4 Na5 8. Ba2 Be7 9. Qe1 0-0 10. d3 Bd7 11. f5 e5 12. Qg3 Qb6 13. Bh6 Ne8 14. Nd5 Qd8 15. Nxe5 Bh4 16. Qg4 dxe5 17. Rf3 Kh8 18. Rh3 gxh6 19. Rxh4 Rg8 20. Qh5 Qg5 21. Qxh6 Qxg2# 0-1

[Event "POR-ch U18"]
[Site "Braga"]
[Date "2013.08.04"]
[Round "4.5"]
[White "Aderneira, Ricardo Andre C"]
[Black "Marinho, Antonio Pedro"]
[Result "0-1"]
[WhiteElo "1627"]
[BlackElo "1469"]
[PlyCount "100"]
[EventDate "2013.08.02"]
[EventType "swiss"]
[EventRounds "7"]
[EventCountry "POR"]
[SourceTitle "EXT 2015"]
[Source "ChessBase"]
[SourceDate "2014.11.20"]
[SourceVersion "1"]
[SourceVersionDate "2014.11.20"]
[SourceQuality "1"]

1. d4 c5 2. d5 d6 3. c4 g6 4. e4 Bg7 5. Bd3 Nf6 6. Nc3 0-0 7. h3 Nbd7 8. Nf3 Ne8 9. Bd2 Nc7 10. Qc1 Ne5 11. Nxe5 Bxe5 12. f4 Bg7 13. Qc2 Bd7 14. g4 a6 15. a4 b5 16. axb5 axb5 17. Rxa8 Qxa8 18. Kf2 b4 19. Ne2 Qa2 20. b3 Ra8 21. Ke3 Qxc2 22. Bxc2 Ra2 23. Bd3 Ne8 24. g5 Rb2 25. Nc1 Bd4+ 26. Ke2 Bc3 27. Rd1 Bxh3 28. Ke1 Bg4 29. Be2 Bxe2 30. Kxe2 Ng7 31. Kd3 Bxd2 32. Rxd2 Rxd2+ 33. Kxd2 Nh5 34. Ke3 Kg7 35. Nd3 h6 36. e5 Ng3 37. gxh6+ Kxh6 38. Kf3 Nf5 39. Ke4 Nd4 40. exd6 exd6 41. Nxc5 dxc5 42. d6 Kg7 43. Kd5 Kf6 44. Kxc5 Nxb3+ 45. Kxb4 Nd4 46. Kc5 Ne6+ 47. Kb6 Nxf4 48. c5 Ke6 49. c6 Kxd6 50. Kb7 Nd5 0-1

[Event "Porto district-ch U10"]
[Site "Porto"]
[Date "2004.02.24"]
[Round "4"]
[White "Vieira, Miguel"]
[Black "Marinho, Antonio Pedro"]
[Result "1-0"]
[WhiteElo "1070"]
[BlackElo "1094"]
[PlyCount "75"]
[EventDate "2004.02.??"]
[EventType "tourn"]
[EventRounds "5"]
[EventCountry "POR"]
[SourceTitle "EXT 2005"]
[Source "ChessBase"]
[SourceDate "2004.11.15"]
[SourceVersion "1"]
[SourceVersionDate "2004.11.15"]
[SourceQuality "1"]

1. e4 e5 2. Qf3 Nc6 3. Bc4 Nf6 4. Qe2 Bc5 5. d3 0-0 6. Bg5 d6 7. Qf3 Nd4 8. Qd1 Bg4 9. f3 Bh5 10. Nc3 Qe7 11. Nge2 Nxe2 12. Nxe2 c6 13. Ng3 d5 14. Nxh5 dxc4 15. Nxf6+ Kh8 16. dxc4 Rad8 17. Bd2 Be3 18. Nd5 cxd5 19. cxd5 Bd4 20. c3 Bb6 21. Qe2 Rfe8 22. Bg5 f6 23. Be3 Bxe3 24. Qxe3 f5 25. 0-0 fxe4 26. Qxe4 Qc5+ 27. Kh1 Rxd5 28. Rae1 Re6 29. Qf5 Rf6 30. Qc2 Rf4 31. h3 Qc4 32. Kh2 e4 33. b3 Qc6 34. fxe4 Rd2 35. Qxd2 Rxf1 36. Qd8+ Qe8 37. Qxe8+ Rf8 38. Qxf8# 1-0